News of Mordor Quiz Stats

 Plays Quiz not verified by Sporcle

Also try: News of Hobbiton
Challenge
Share
Tweet
Score 0/28 Timer 09:00
3 Plays Today
% Correct
SAURON
89.4%
SAURON
89.4%
SAURON
89.4%
RING
89.2%
GONDOR
86.2%
MINAS
85.5%
Minas
85.5%
Mount
84.8%
Doom
84.5%
TIRITH
84.1%
MORDOR
82.3%
ROHAN
82.2%
SHELOB
81.6%
Nazgûl
78.4%
% Correct
Morgul
78%
MIDDLE
77.7%
EARTH
77.7%
MOUTH
72.4%
Troll
66.7%
KING
65.3%
ONE
64.7%
WITCH
62.4%
ANGMAR
60.6%
UNGOL
51.6%
CIRITH
51.4%
BLACK
49.7%
GATE
49.1%
BALROG
34.3%

You're not logged in!

Compare scores with friends on all Sporcle quizzes.
OR
Log In

You Might Also Like...

Show Comments

Extras

Top Quizzes Today


Score Distribution

Your Account Isn't Verified!

In order to create a playlist on Sporcle, you need to verify the email address you used during registration. Go to your Sporcle Settings to finish the process.

Report this User

Report this user for behavior that violates our Community Guidelines.

Details: